00487 a2200181 450000100060000002000150000604000240002110000230004524000300006824500250009830000070012336200090013044000120013965000240015194200070017595201060018299900170028868872 a8528101959 cAnchieta - Itaigara aMachado, Ana Maria10aCom prazer e alegrialpor10aCom prazer e alegria a240 a1988 1aÁtica 4aLiteratura infantil cBK 00104070a88.1b88.1d2023-11-21l0oLI 028.5 MAC COMp637/ITAr2023-11-21 20:03:12w2023-11-21yBK c68872d68872